| 000 | 00874nam a2200181 i 4500 | ||
|---|---|---|---|
| 001 | 162503 | ||
| 003 | ES-MaACL | ||
| 005 | 20230906212536.0 | ||
| 008 | 990908s1869 sp |||| | spa d | ||
| 100 | 1 |
_aPoupart de Boisgarnier, Antonio. _9131324 |
|
| 245 | 1 | 0 |
_aDiscurso inaugural pronunciado en la sesión pública ordinaria celebrada en la noche del 28 de mayo de 1969 en el Teatro de Variedades / _cpor Antonio Poupart de Boisgarnier. |
| 260 |
_aMadrid : _b[s.n.], _c1869 ( _fImp. de la Viuda e Hijos de D.F. Abienzo) |
||
| 300 |
_a11 p. ; _c21 cm. |
||
| 594 | _aPrecede al tít.: Liceo Artístico Español | ||
| 610 | 2 | 4 |
_aLiceo Artístico Español. _9163419 |
| 852 | 4 |
_aES-MaACL _jT-115-F-3 _z- Enc. hol., falto de cub. original _z- Enc. en un vol. facticio |
|
| 852 | 4 |
_aES-MaACL _jT-159-F-6 _z- Enc. hol., falto de cub. original _z- Enc. en un vol. facticio |
|
| 999 |
_c162503 _d162503 |
||